000 00720nam a22002537a 4500
001 000645
003 DO-SdBNP
005 20180209094059.0
007 000645
008 161107b 1993 sp a ||||| |||| 00| 0 spa d
020 _a8426325297
040 _aBPMSU
_bspa
_cBPMSU
100 1 _aAlcántara, Ricardo
245 1 0 _a¿Quién dice no a las drogas? /
_cRicardo Alcántara ; ilustrado por Gusti.
250 _a3ª ed.
260 _aZaragoza, España :
_bEdelvives,
_c1993.
300 _a100 p. :
_bil. ;
_c18 cm.
490 1 _aAla delta
_v160
700 1 2 _aGusti,
_d1963-
830 0 _aAla delta ;
_v160
942 _2ddc
_cBK
945 _aInventariado, 2018 /LP
956 _aLOPEREZ
_b10
_c20161107
_hBPMSU
999 _c11817
_d11817